00573cam a22001697a 4500008004000000020001500040082001800055245007500073260003700148300001000185650003400195650002300229700002300252700002000275999001900295952008900314180718b2000 xxu||||| |||| 00| 0 eng d a0631221840 aB1243x54 M348 aReligion and democracycedited by David Marquand and Ronald L. Nettler aOxfordbOxford Univ. Pressc2000 a145p. aDemocracy - Religious aspects aSecularism - India aNettler, Ronald L. aMarquand, David c394738d394738 00104070aIIPAbIIPAd2000-10-12oB1243x54 M348p75865r2018-07-21w2018-07-21yBK